000 00742nam a2200217 i 4500
001 146215
003 ES-MaACL
005 20250817062559.0
007 t|
008 070905s1981 sp a |||| | spa d
100 1 _aTrapero, Maximiano,
_d1945-
_9111229
245 1 0 _aPervivencia del antiguo teatro medieval castellano
_b: la pastorada leonesa /
_cMaximiano Trapero.
260 _aMadrid :
_bFundación Juan March,
_c[1981]
300 _a54 p. :
_bil. ;
_c21 cm.
490 1 _aSerie Universitaria ;
_v167
650 4 _aTeatro religioso español-
_zLeón-
_xHistoria y crítica.
_9169370
710 2 _aFundación Juan March
_94346
830 0 _aSerie Universitaria ;
_v167
_9180747
852 _aES-MaACL
_jL-1863
999 _c146215
_d146215